Catálogo público

Biotecnología y conocimiento tradicional : (Record no. 217404)

MARC details
000 -CABECERA
campo de control de longitud fija 00842 a2200217 4500
003 - IDENTIFICADOR DEL NÚMERO DE CONTROL
campo de control OSt
005 - FECHA Y HORA DE LA ÚLTIMA TRANSACCIÓN
campo de control 20230331140930.0
008 - DATOS DE LONGITUD FIJA--INFORMACIÓN GENERAL
campo de control de longitud fija 220728s2012 mx a||||r|||| 00| 0 spa d
020 ## - NÚMERO INTERNACIONAL ESTÁNDAR DEL LIBRO
Número Internacional Estándar del Libro 9786074874211
040 ## - FUENTE DE LA CATALOGACIÓN
Centro/agencia transcriptor CHAP
082 00 - NÚMERO DE LA CLASIFICACIÓN DECIMAL DEWEY
Número de clasificación 660.65
Número de documento/Ítem O16
Número de edición 22
100 1# - ENTRADA PRINCIPAL--NOMBRE DE PERSONA
9 (RLIN) 186586
Nombre de persona Ocman, Claudia
245 10 - MENCIÓN DE TÍTULO
Título Biotecnología y conocimiento tradicional :
Resto del título redes de políticas en el debate contemoráneo /
Mención de responsabilidad, etc. por Claudia Ocman
264 #1 - PRODUCCIÓN, PUBLICACIÓN, DISTRIBUCIÓN, FABRICACIÓN Y COPYRIGHT
Producción, publicación, distribución, fabricación y copyright Puebla, Puebla :
-- México, D. F. :
Nombre del de productor, editor, distribuidor, fabricante Benemérita Universidad Autónoma de Puebla ;
-- Plaza y Valdés,
Fecha de producción, publicación, distribución, fabricación o copyright 2012.
300 ## - DESCRIPCIÓN FÍSICA
Extensión 257 páginas.
Otras características físicas gráficas, tablas.
504 ## - NOTA DE BIBLIOGRAFÍA, ETC.
Nota de bibliografía, etc. Incluye glosario y bibliografía.
650 #2 - PUNTO DE ACCESO ADICIONAL DE MATERIA--TÉRMINO DE MATERIA
9 (RLIN) 186587
Término de materia o nombre geográfico como elemento de entrada Biotecnología
Subdivisión general Aspectos políticos
650 #2 - PUNTO DE ACCESO ADICIONAL DE MATERIA--TÉRMINO DE MATERIA
9 (RLIN) 186589
Término de materia o nombre geográfico como elemento de entrada Biotecnología
Subdivisión general Aspectos sociales
650 #2 - PUNTO DE ACCESO ADICIONAL DE MATERIA--TÉRMINO DE MATERIA
9 (RLIN) 186588
Término de materia o nombre geográfico como elemento de entrada Biotecnología
Subdivisión general Organización internacional
942 ## - ELEMENTOS DE PUNTO DE ACCESO ADICIONAL (KOHA)
Fuente del sistema de clasificación o colocación Dewey Decimal Classification
Tipo de ítem Koha Libro
Holdings
Estado de retiro Estado de pérdida Fuente del sistema de clasificación o colocación Estado dañado Restricciones de uso No para préstamo Código de colección Localización permanente Ubicación/localización actual Ubicación en estantería Fecha de adquisición Total de préstamos Signatura topográfica completa Código de barras Fecha visto por última vez Fecha del último préstamo Precio válido a partir de Tipo de ítem Koha Número de copia
    Dewey Decimal Classification   Préstamo 15 días   General Biblioteca Central Biblioteca Central Planta principal - Colección General 29/03/2023 1 660.65 O16 33724002571694 27/08/2024 12/08/2024 29/03/2023 Libro  
    Dewey Decimal Classification   Préstamo 15 días   General Biblioteca Central Biblioteca Central Planta principal - Colección General 29/03/2023   660.65 O16 33724002571652 29/03/2023   29/03/2023 Libro c.2